000
00235nam a22000857a 4500
008
170601b xxu||||| |||| 00| 0 eng d
100
_9
3171
_a
Iyengar. G
245
_a
You asked for it stories of apoorva bhatta
260
_a
New Delhi
_b
CBT
_c
2001
999
_c
6474
_d
6474